01531cam a22003614a 4500999001700000001000900017003000900026005001700035008004100052020001800093020001500111040003800126082002000164100003900184245031300223250002000536264005300556264001000609300004400619336002600663337002800689338002700717504005100744650003000795650003100825653002100856655002400877700002900901700004800930906004500978942001201023952013401035 c29185d2915611942253EG-ScBUE20210614112920.0000315t2001 njua f b 001 0 eng d a9780137524785 a0137524781 aDLCbengerdacDLCdDLCdEG-ScBUE04a620.82bKRO2221 aKroemer, K. H. E.,d1933-eauthor.10aErgonomics :bhow to design for ease and efficiency /cK.H.E. Kroemer, professor emeritus, virginia tech, Blacksburg, VA, H.B. Kroemer, licensed psychologist, main street psychologists and associates, Petoskey, MI, K.E. Kroemer-Elbert, principal engineer, gynecare ethicon, Johnson & Johnson, Somerville, NJ. aSecond edition. 1aUpper Saddle River, NJ :bPrentice Hall,c[2001] 4cc2001 axx, 696 pages :billustrations ;c27 cm 2rdacontentatextbtxt 2rdamediaaunmediatedbn 2rdacarrieravolumebnc aIncludes bibliographical references and index. 7aHuman engineering.2BUEsh 7aEngineering design.2BUEsh bENGGENcJune2021 vReading book9342321 aKroemer, H. B.,eauthor.2 aKroemer-Elbert, K. E.q(Katrin E.)eauthor. a7bcbccorignewd1eocipf20gy-gencatlg 2ddccBB 00102ddc40708Donation-GaMAINbMAINc1STd2021-06-14eDonationl0o620.82 KROp000050339r2025-07-15 00:00:00w2021-06-14yBB